00470nam a2200133 a 450000500170000000800410001702000180005805000220007624501030009826000530020130000180025444000310027265000330030320140412111220.0000904s19uu xx 00 eng d a1-85737-051-1 aREF 507bIl6 1991 aThe Illustrated dictionary of :bearth sciences /cContributors: Martin Walters; Felicity Trotman. aWiltshire, UK :bMerlion Publishing LTd.,c1991. a160 p. ; ill. aThe Illustrated Dictionary aEarth sciencesxDictionaries